02246cam a22003974i 4500003000900000005001700009008004100026035002000067040003300087100004700120245020500167264001000372300004000382336002100422337002500443338002300468502005900491504002400550520105700574526001001631526001001641526000901651526000901660526000901669526000901678526000901687526000901696526000901705526000801714526000801722526000801730526000801738526000801746650004901754700004501803PE-LiUPU20250731165438.0160530s2016 pe a grm 000 0 spa d a(Sirsi) a156959 aPE-LiUPUbspacPE-LiUPUerda1 aBermúdez Vargas, Katterin Zenobiaeautor1 aRasgos de personalidad y asertividad en los estudiantes del 1er. y 2do año de la Facultad de Ciencias de la Salud de una universidad privada de Lima-este, 2015 /cKatterin Zenobia Bermúdez Vargas. 0c2015. a102 hojas : bilustraciones;c30 cm atext2rdacontent aunmediated2rdamedia avolume2rdacarrier aTesisb(Lic.) -- cUniversidad Peruana Unión,d2016. aIncluye referencias3 aEl presente trabajo de investigación tiene como objetivo determinar la relación entre los rasgos de personalidad y asertividad en los estudiantes del 1er y 2do año de la Facultad de Ciencias de la Salud de una universidad privada de Lima Este, 2015. El tipo de estudio es cuantitativo, de alcance descriptivo correlacional y de corte transversal para lo cual participaron 210 estudiantes cuyas edades oscilaban entre los 16 y 25 años. En la recolección de datos se utilizó el inventario de personalidad reducido en cinco factores (NEOFFI) y la escala de evaluación de la asertividad (ADCA-1). Los resultados evidenciaron que si existe relación significativa entre las variables de estudio. Además, se halló relación significativa y moderada entre el rasgo extraversión y el rasgo responsabilidad con las dimensiones autoasertividad y heteroasertividad, mientras que, se encontró relación negativa y moderada entre el rasgo neuroticismo y las dimensiones autoasertividad y heteroasertividad en los estudiantes universitarios. aSEG44 aSEG26 aP151 aP150 aP149 aP146 aP145 aP126 aP125 aP92 aP75 aP74 aP27 aP1504aEscolaresxAsertividadxPersonalidadvTesis.1 aCcancce Gastelú, Priscila Kattyeautor